Ivan Gašparovič: Boli sme ako odtrhnutý vagón

Bibliographic Details
Main Authors: Živnerová, Lenka (Author, Interviewer), Stanislav, Milan (Author, Interviewer), Gašparovič, Ivan, 1941- (Author)
Format: Article
Language:Slovak
PhysicalDescription:Fotogr.
ISSN:1336-4650
Subjects:

MARC

LEADER 00000nab a2200000 ar4500
001 vtls008771361
003 SK-MaSNL
005 20260303071441.0
008 060608c2004 xo wr|p|||||||000 b|slo
015 |a SNBRB2006/06  |2 snkbucl 
038 |a SNKBUCL 
040 |a SNKBUCL  |b slo  |c SNKBUCL  |e AACR2 
041 0 |a slo 
044 |a xo  |c SK 
080 |a 32-051  |2 2001 
080 |a 929 Gašparovič, Ivan  |2 2001 
080 |a 929 Mečiar, Vladimír  |2 2001 
100 1 |a Živnerová, Lenka  |4 aut  |4 ivr  |9 839082 
245 1 0 |a Ivan Gašparovič: Boli sme ako odtrhnutý vagón  |c rozhovor: Lenka Živnerová, Milan Stanislav 
300 |b Fotogr. 
600 1 7 |a Gašparovič, Ivan,  |d 1941-  |2 snkbucl  |9 189874 
600 1 7 |a Mečiar, Vladimír,  |d 1942-   |2 snkbucl  |9 10144 
700 1 |a Stanislav, Milan  |4 aut  |4 ivr  |9 266780 
700 1 |a Gašparovič, Ivan,  |d 1941-  |4 aut  |4 ive  |9 189874 
773 0 |t Live  |g Roč. I., č. 3 (2004), s. 16-17  |x 1336-4650 
852 |a SNK  |b KIS3GCP 
958 |a BX 
958 |a SK 
999 |c 1759968  |d 1761898